000 00421nam a2200169Ia 4500
008 230524s9999 xx 000 0 und d
020 _a8171796095
082 _a326.11
_bSAK
100 _aSakharkar
245 0 _aPrinciples of Hospital Administration And Planning
250 _aIST
260 _aNEW DELHI
_bJaypee
_c2008
300 _aX;325
500 _aQuantity Number: 31
650 _aBiomedical
942 _cBK
999 _c41796
_d41796